Statistiques concernant Quizz - Flash

Cliquez ici pour prendre le quiz!

Statistiques générales

  • Ce quiz a été pris 476 fois
  • Le résultat moyen est 15 sur 23

Statistiques - réponses

HintRéponse% Correct
Comment s'appelle le héros ?Flash / Barry Allen
99%
Quel est la couleur de son costumeRouge
91%
Dans quelle ville se situe l'intrigue ?Central City
85%
Avec qui se marie-t-il ?Iris West
85%
Qui est son meilleur ami ?Cisco
84%
Qui est son "deuxième papa" ?Joe West
81%
Qui est Hunter Zolomon ?Zoom
76%
Comment se prénomme l'acteur qui joue le héros ?Grant Gustin
74%
Comment se prénomme l'homme qui se retrouve en prison pour un crime qu'il n'a pas commis pendant l'intégralité de la 1ère saison ?Henry Allen
73%
Quel est son lien avec le héros ?Père / papa
73%
Dans quel série voit-on le personnage en 1er ?Arrow
70%
Qui est son mentor malgré ses intentons néfaste ?Harrison Wells
70%
Qui est XS ?Nora West-Allen / Sa fille
69%
Quand il pénètre dans la speed force, quel personnage familier du héros prend cette dernière ?Nora Allen / Sa mère
67%
Qui est le méchant principal de la saison 1 ?Reverse Flash / Eobard Thawne
63%
Quel est le nom de son meilleur ennemie au pouvoir frigorifiant ?Captain cold / Léonard Snart
58%
Qui est son médecin personnelle ?Caitlin Snow
57%
Dans Crisis on Infinite Earths, quel personnage de Smalville fait son retour ?Clark Kent / Superman / Tom Welling
57%
Quel est le nom de la machine qui lui a donner ses pouvoirs ?Accélérateur de particules
50%
D'ailleurs ... Quelle est sont principal pouvoirSuper vitesse / Courir vite
47%
Quel est le nom de sa petite ami dans la saison 2 ?Patty Spivot
39%
Quel méchant combat t-il dans le 1er épisode de la 1ère saison ?Clyde Mardon
31%
Dans la série, quel est le nom de sa 1ère petite amie ?Linda Park
27%

Distribution des résultats

Percentile par nombre de réponses

% des personnes avec chaque résultat

Votre développement - résultats

Vous n’avez pas pris ce quiz